LEADER 00907nam a2200217 i 4500 001 000000205724 003 CaOOAMICUS 005 20110831000000.0 008 110831s1935 it u000 u ita u 013 $a184462 040 $aSeMil$bita 100 1 $aAmatucci, Aurelio Giuseppe <1867-1960>.$0(OLS)http://semarc/name/9293 245 10$aAfrica romana /$cIstituto di Studi Romani ; scritti di A. G. Amatucci ... [et al.]. 260 $aMilano :$bUlrico Hoepli,$c1935. 300 $aXI, 253 p., [58] p. di tav. ;$c25 cm. 650 4$aAfrica Settentrionale.$0(OLS)http://semarc/subject/9009 710 0 $aIstituto di Studi Romani.$0(OLS)http://semarc/name/966 850 $aSeMil 852 $aSeMil$W1$xVenegono$y1$m3V III 165$j156218$B156218$CSeMilBibl$Z2$F167573 $81 996 $6245$aAfrica romana$9(OLS)http://semarc/title/297684 996 $6260$aMilano :$bUlrico Hoepli$9(OLS)http://semarc/publisher/29765 LEADER 00970nam a2200229 i 4500 001 000000128359 003 CaOOAMICUS 005 20040721000000.0 008 040721s1967 gw u000 u mul u 013 $a101085 040 $aSeMil$bita 100 1 $aSantos Otero, Aurelio : de.$0(OLS)http://semarc/name/5745 245 14$aDas Kirchenslavische Evangelium des Thomas /$cvon Aurelio de Santos Otero. 260 $aBerlin :$bDe Gruyter,$c1967. 300 $a193 p. ;$c24 cm. 490 0 $aPatristische Texte und Studien ;$v6 650 4$aBibbia - Apocrifi NT - Vangelo di Tommaso.$0(OLS)http://semarc/subject/6175 830 0$aPatristische Texte und Studien ;$v6.$0(OLS)http://semarc/title/119 850 $aSeMil 852 $aSeMil$W1$xVenegono$y1$mSL2.C IV 6$j82585$B82585$CSeMilBibl$Z2$F84929 $8I 996 $6245$aDas Kirchenslavische Evangelium des Thomas$9(OLS)http://semarc/title/189666 996 $6260$aBerlin :$bDe Gruyter$9(OLS)http://semarc/publisher/29658